00301nam a22000977a 4500008004100000022001400041040005500055245003800110260004200148310001300190230727b |||||||| |||| 00| 0 eng d a0972-4796 aNational Science LibrarycNational Science Library aCurrent tropics in phytochemistry aTrivandrum: bResearch Trends, c1998 aAnnually